Văn hóa các dân tộc Việt Nam
Giới thiệu lịch sử hình thành các dân tộc người ở Việt Nam. Đặc điểm văn hóa, xã hội, kinh tế của các dân tộc Việt Nam. Lịch sử chống giặc ngoại xâm giữ nước của các dân tộc Việt Nam...
Na minha lista:
| Autor principal: | |
|---|---|
| Formato: | Livro |
| Idioma: | Vietnamese |
| Publicado em: |
Hà Nội
Thanh Niên
2008
|
| Assuntos: | |
| Tags: |
Adicionar Tag
Sem tags, seja o primeiro a adicionar uma tag!
|
| Thư viện lưu trữ: | Trung tâm Học liệu Lê Vũ Hùng, Trường Đại học Đồng Tháp |
|---|
| LEADER | 01199aam a22002778a 4500 | ||
|---|---|---|---|
| 001 | 00028666 | ||
| 005 | 20171026081023.0 | ||
| 008 | 120330s2008 ||||||viesd | ||
| 020 | |c 42000 | ||
| 041 | 0 | # | |a vie |
| 082 | 1 | 4 | |a 305.895 92 |b V115H |
| 100 | 1 | # | |a Trần, Ngọc Bình |
| 245 | 1 | 0 | |a Văn hóa các dân tộc Việt Nam |c Trần Ngọc Bình |
| 260 | # | # | |a Hà Nội |b Thanh Niên |c 2008 |
| 300 | # | # | |a 311tr. |c 21cm. |
| 520 | # | # | |a Giới thiệu lịch sử hình thành các dân tộc người ở Việt Nam. Đặc điểm văn hóa, xã hội, kinh tế của các dân tộc Việt Nam. Lịch sử chống giặc ngoại xâm giữ nước của các dân tộc Việt Nam |
| 650 | # | 4 | |a Dân tộc học |z Việt Nam |
| 650 | # | 4 | |a Việt Nam |z Đời sống xã hội và tập quán |
| 653 | # | # | |a Công tác xã hội |
| 653 | # | # | |a Dân tộc |
| 653 | # | # | |a Dân tộc Việt Nam |
| 653 | # | # | |a Văn hóa |
| 852 | # | # | |b Kho đọc |j KD.0012989 |
| 852 | # | # | |j KD.0012989 |
| 910 | |d 30/03/2012 | ||
| 980 | # | # | |a Trung tâm Học liệu Lê Vũ Hùng, Trường Đại học Đồng Tháp |